00829njm a2200265Ia 450000100060000000300090000600500170001500800410003204000130007304000130008604100130009910000200011210000180013210000380015024500230018825000110021126000090022226000630023130000170029430000290031150000310034050500540037165000540042570000840047926784IT-RoPAU20220918181145.0131025s9999 xx 000 0 und d aIT-RoPAU cIT-RoPAU aITALIANO aFerrero Lorenzo eAutore musica gCodice autore musica SPICS: 10896 aSalvatore Giuliano a1a ed. aROMA bSPICS RECORDSc1986 [1a Ed.:1986 - Ed. Lingua Orig.: 1986] aMUSICASSETTA c85 minuti (Testo: pag.) aOpera teatrale. Cantautore aOpera in un atto e tre quadri di Giuseppe Di Leva aCANTAUTORI [CASSETTE]eCodice MATERIA SPICS: 9951 aFerrero LorenzoeAutore testo e musicagCodice autore testo/musica SPICS: 10896